| 000 | 01398nam a2200385 a 4500 | ||
|---|---|---|---|
| 003 | CHAP | ||
| 005 | 20230607094735.0 | ||
| 008 | 111020s2011 it a 00010 eng d | ||
| 010 | _a102329 | ||
| 011 | _a103301 | ||
| 020 | _a9789251068878 | ||
| 035 | _a113990 | ||
| 040 | _cCHAP | ||
| 082 | 0 | 4 |
_a631.4 _bF33y |
| 110 | 2 | _aFAO | |
| 245 | 1 | 0 |
_aAfrica and the carbon cycle : _bproceedings of the Open Science conference on "Africa and carbon cycle: the CarboAfrica project" _c/por Bombelli A. & Valentini R. |
| 260 |
_aRome : _bFAO, _c2011 |
||
| 300 |
_axi, 224 : _bilus., gráfs., tablas |
||
| 490 | 0 |
_aFAO. Informes sobre recursos mundiales de suelos _v; 105 |
|
| 500 | _aAccra (Ghana) 25-27 November 2008 | ||
| 590 |
_aBATCH-UPD _b10 _c20130110 _lUCH01 _h1228 |
||
| 590 |
_aBATCH-UPD _b10 _c20130410 _lUCH01 _h0800 |
||
| 590 |
_aBATCH-UPD _b10 _c20130914 _lUCH01 _h0638 |
||
| 590 |
_aCONVERSION _b10 _c20130109 _lUCH01 _h1356 |
||
| 650 | 1 | 7 |
_aDióxido de carbono _xEfecto en plantas _2 _912848 |
| 650 | 1 | 4 |
_aCiclo biológico. _923050 |
| 650 | 1 | 4 |
_aSuelos _xCarbón en. _9110233 |
| 650 | 1 | 4 |
_aSuelos _zAfrica. _9110516 |
| 700 | 1 |
_aBombelli, A. _913624 |
|
| 700 | 1 |
_aValentini, R. _9117468 |
|
| 830 | 0 |
_aFAO. Informes sobre recursos mundiales de suelos _v; 105 _939597 |
|
| 901 | _aBK | ||
| 942 | _cLIBRO | ||
| 949 |
_a631.4 F33y v.105 _bBC _cFAO _d33724002309686 _eFAO1 _gDonaciØn _h116053 _i113990 _sb |
||
| 999 |
_c102329 _d102329 |
||